Statistics for Countries that was part of Kalmar Union

Click here to take the quiz!

General Stats

  • This quiz has been taken 46 times
    (32 since last reset)
  • The average score is 8 of 8

Answer Stats

Country% Correct
Denmark
100%
Finland
100%
Norway
100%
Sweden
100%
Russia
97%
Germany
94%
Iceland
94%
United Kingdom
90%

Score Distribution

Percentile by Number Answered

Percent of People with Each Score

Your Score History

You have not taken this quiz since the last reset